Trade like a hedge fund : 20 successful uncorrelated strategies & techniques to winning profits

Αποθηκεύτηκε σε:
Λεπτομέρειες βιβλιογραφικής εγγραφής
Κύριος συγγραφέας: Altucher, James
Μορφή: Βιβλίο
Γλώσσα:English
Δημοσίευση: Haboken, N.J. : John Wiley & Sons, c2004
Σειρά:Wiley trading
Θέματα:
Ετικέτες: Προσθήκη ετικέτας
Δεν υπάρχουν, Καταχωρήστε ετικέτα πρώτοι!

MARC

LEADER 00000nam a2200000 i 4500
001 1/49398
008 070727s2004 eng d
020 |a 0-471-48485-7 
035 |l 10089175 
040 |a GR-MY-UA  |b gre  |e aacr 
041 0 |a eng 
082 0 |a 332.6  |2 (22) 
100 1 |a Altucher, James. 
245 1 0 |a Trade like a hedge fund :  |b 20 successful uncorrelated strategies & techniques to winning profits /  |c James Altucher 
260 |a Haboken, N.J. :   |b John Wiley & Sons,   |c c2004 
300 |a xii, 224 σ.;  |b διαγρ., σχ.;  |c 24 εκ. 
490 1 |a Wiley trading 
504 |a Περιλαμβάνει ευρετήριο 
650 0 0 |a Stocks. 
650 0 0 |a Hedging (Finance) 
650 0 0 |a Hedge funds. 
650 0 0 |a Speculation. 
650 0 0 |a Stock exchanges. 
650 0 0 |a Profit. 
650 0 0 |a Investments. 
830 0 |a Wiley trading 
852 |a INST  |b CHIOS  |e 20070727  |h 332.6 ALT  |p 005200025830  |q 005200025830  |t BK  |y 0 
901 |a BIBL2-2007-2 
909 |a Χ  |b 136993 
922 |a 2ΕΛΗ  |b 200707  |c ΕΠΕΑΕΚ2/ΤΝΕΥ  |d ΠΑΠΑΣΩΤΗΡΙΟΥ 
970 |a ΒΑΣΙΛΑΚΗ  |b ΝΙΚΗ  |z 2007/07/27